Contaminated land website (Record no. 120509)
[ view plain ]
| 000 -LEADER | |
|---|---|
| fixed length control field | 00927cam a2200205 4500 |
| 001 - CONTROL NUMBER | |
| control field | ##WS134753 |
| 008 - FIXED-LENGTH DATA ELEMENTS--GENERAL INFORMATION | |
| fixed length control field | 060830n 000 0 eng u |
| 035 ## - SYSTEM CONTROL NUMBER | |
| System control number | (Sirsi) u134753 |
| 041 0# - LANGUAGE CODE | |
| Language code of text/sound track or separate title | eng |
| 110 2# - MAIN ENTRY--CORPORATE NAME | |
| Corporate name or jurisdiction name as entry element | Scottish Environment Protection Agency |
| 9 (RLIN) | 3523 |
| 245 00 - TITLE STATEMENT | |
| Title | Contaminated land website |
| 520 ## - SUMMARY, ETC. | |
| Summary, etc. | SEPA's website pages on contaminated land. Covers the extent of contaminated land in Scotland, the Environmental Protection Act 1990 Part IIA, planning and contaminated land, remediation activities, links and forms for SEPA/local authority information exchange. |
| 590 ## - LOCAL NOTE (RLIN) | |
| Local note | IKA050906 |
| 650 24 - SUBJECT ADDED ENTRY--TOPICAL TERM | |
| Topical term or geographic name entry element | CONTAMINATED LAND |
| 650 24 - SUBJECT ADDED ENTRY--TOPICAL TERM | |
| Topical term or geographic name entry element | ENVIRONMENTAL PROTECTION ACT 1990 PART IIA |
| 651 #4 - SUBJECT ADDED ENTRY--GEOGRAPHIC NAME | |
| Geographic name | Scotland |
| Chronological subdivision | 1999- |
| 690 ## - LOCAL SUBJECT ADDED ENTRY--TOPICAL TERM (OCLC, RLIN) | |
| Topical term or geographic name as entry element | PROPERTY-RURAL AND NATURAL ASSETS-LAND-CONTAMINATED LAND |
| 856 40 - ELECTRONIC LOCATION AND ACCESS | |
| Uniform Resource Identifier | <a href="https://www.sepa.org.uk/contaminated-land/index.htm">https://www.sepa.org.uk/contaminated-land/index.htm</a> |
| Public note | View the website free of charge at www.sepa.org.uk... |
| 942 ## - ADDED ENTRY ELEMENTS (KOHA) | |
| Suppress in OPAC | 0 |
| Withdrawn status | Lost status | Source of classification or shelving scheme | Damaged status | Not for loan | Home library | Current library | Shelving location | Date acquired | Total Checkouts | Full call number | Barcode | Date last seen | Copy number | Price effective from | Koha item type |
|---|---|---|---|---|---|---|---|---|---|---|---|---|---|---|---|
| Dewey Decimal Classification | Virtual | Virtual | Online | 30/08/2006 | WEB SITE | 134753-2001 | 06/08/2019 | 1 | 06/08/2019 | Online material |